000 00311nam a22001457a 4500
008 210527b ||||| |||| 00| 0 eng d
020 _a9789997621122
041 _aeng
080 _23rd
_a617
082 _a617
100 _a8
101 _aORT
245 _aSkeletal Trauma
_cBrowner,B.D
942 _2udc
_cBK
999 _c57705
_d57705